Datum a čas kvízu
16
Celkem bodů
Celkový počet nahraných bodů na tomto kvízu bez doplňovacích otázek.
6.
Pořadí na kvízu
Konečné umístění týmu na tomto kvízu.
Zaznamenané odpovědi
| # | Otázka | Odpověď | Body | Výsledky |
|---|---|---|---|---|
| 1. | Premiér Babiš minulý týden ozn... | Karel Havlíček, Vladimír Kremlík | 0 | |
| 2. | Londýnská metropolitní policie... | Ekvádor | 0 | |
| 3. | Deset koncertů a dost! Jak se... | Spirituál kvintet | 0 | |
| 4. | Strakonická firma, specializuj... | Moira | 0 | |
| 5. | Jedničkou výběru kapitána Petr... | Lucie Šafářová | 1 | |
| 6. | V tomto tématu se podíváme na... | Všechno bude, Zelená kniha | 0 | |
| 5. | V roce 1984 natočil režisér Wi... | Paříž, Texas | 0 | |
| 8. | Na komediální road movie Pařba... | Bangkok | 1 | |
| 5. | Jak se jmenuje komediální road... | Blbý a blbější | 1 | |
| 10. | Jistou formou road movies jsou... | v Argentině | 0 |